000 02451cam a2200385 4500500
005 20251228080758.0
041 _afre
042 _adc
100 1 0 _aLechaux, Patrick
_eauthor
245 0 0 _aLa question de la formation aux mains des acteurs des États généraux du travail social
260 _c2016.
500 _a45
520 _aCet article retrace le cheminement de la question de la formation au cours des egts, examinant comment les acteurs mobilisés s’en sont emparés dans leurs préconisations. Il montre, à partir d’une mise à plat de ce travail de la formation, comment on est passé d’une attente relativement consensuelle de modernisation douce du système des formations sociales à une annonce gouvernementale de refondation du modèle de la formation, même si celle-ci laisse dans l’ombre certaines questions majeures, comme la structuration de l’appareil de formation.
520 _aThe question of training as seen by participants at the General Assembly of Social WorkThis article retraces the history of the General Assembly of Social Work debates about training and examines how the actors mobilized included the question in their recommendations. After an inventory of how training works, the author shows that there was a good degree of consensus at the beginning on the need for a fairly modest level of reform of the system of social work training. However, this evolved towards a government announcement of a completely new basis for the training model. This announcement leaves open some major questions, such as how the apparatus of the training system should be restructured.
690 _aalternance
690 _aappareil de formation
690 _acoformation
690 _adéveloppement social
690 _adiplôme et certification
690 _aprocess de formation
690 _asystème des formations sociales
690 _atravail social/intervention sociale
690 _aalternancy
690 _aapparatus of the training system
690 _acertification
690 _aco-training
690 _adiploma
690 _aprocess of training
690 _asocial development
690 _asocial intervention
690 _asocial work
690 _asystem of social training
786 0 _nVie sociale | 13 | 1 | 2016-03-16 | p. 147-167 | 0042-5605
856 4 1 _uhttps://shs.cairn.info/revue-vie-sociale-2016-1-page-147?lang=fr&redirect-ssocas=7080
999 _c1598852
_d1598852